00799 2200301 4500001002100000005001500021035002000036007000300056008004100059040001700100100001100117245006700128250000900195300005100204020002200255041000800277082001000285084001600295090001800311260003000329700001700359850001000376600001500386990002400401990002400425990002400449990002400473INLIS00000000000268120260601075840 a0010-0620000054ta260601 0  aSBPUPADbind0 aIsmadi1 aWayang Keris :bdan Keajaiban Yang Lain /cIsmadi;editor, Maya aEd.1 a42 hlm. :bilus. ;c20 cmeBibliografi, hlm 43 a978-979-29-6198-007aind a371.2 a371.2 ISM w a322 SUP k 3-2 aYogyakarta :bAndi,c20170 aeditor, Maya aPUPAD 4aPendidikan a32.982/DAK/DPK/2019 a32.983/DAK/DPK/2019 a32.984/DAK/DPK/2019 a32.985/DAK/DPK/2019